Statistics for 10 Westernmost Countries

Click here to take the quiz!

General Stats

  • This quiz has been taken 33 times
  • The average score is 8 of 10

Answer Stats

LongitudeCountry% Correct
172°26’EUnited States of America
100%
141°00’WCanada
97%
118°22’00”WMexico
94%
75°38’WChile
85%
80°05’WEcuador
85%
90°15’WEl Salvador
67%
92°15’WGuatemala
67%
169°32’13”EKiribati
58%
172°48’WSamoa
58%
175°38’WTonga
48%

Score Distribution

Percentile by Number Answered

Percent of People with Each Score

Your Score History

You have not taken this quiz